header

Waves in metamaterials (Record no. 32273)

MARC details
000 -LEADER
fixed length control field 01256nam a2200313Ia 4500
100 1# - MAIN ENTRY--AUTHOR NAME
Personal name Solymar, L.
245 10 - TITLE STATEMENT
Title Waves in metamaterials
260 ## - PUBLICATION, DISTRIBUTION, ETC. (IMPRINT)
Place of publication Oxford ;
-- New York :
Name of publisher Oxford University Press,
Year of publication 2009.
300 ## - PHYSICAL DESCRIPTION
Number of Pages xvi, 385 p., [16] p. of plates :
Other physical details ill. (some col.), maps, plans.
650 #0 - SUBJECT ADDED ENTRY--TOPICAL TERM
Topical Term Electromagnetism.
Topical Term Metamaterials.
700 1# - ADDED ENTRY--PERSONAL NAME
Personal name Shamonina, E.
856 40 - ELECTRONIC LOCATION AND ACCESS
Uniform Resource Identifier http://site.ebrary.com/lib/rucke/Doc?id=10346520

No items available.

© 2026 Rongo University
Contact us: librarian | system librarian | Rongo university